000 00365pab a2200157 454500
008 180718b2000 xxu||||| |||| 00| 0 eng d
100 _aKhanna, R.S.
245 _aRegional parties have a role to play
260 _c2000
300 _ap.11
362 _a22 Feb
650 _aIndia - Constitution
650 _aConstitutions
773 _aHindu
909 _a44979
999 _c44979
_d44979